| 000 | 00775nam a2200205Ia 4500 | ||
|---|---|---|---|
| 003 | GCL | ||
| 008 | 140319s9999 xx 000 0 ara d | ||
| 040 |
_aGCL / _cGCL |
||
| 082 | 0 | 4 |
_aق _b915 _bج م |
| 245 | 1 | 0 | _aالمحاضرات العامة الموسم الثقافى لسنة 1960 |
| 260 |
_aالقاهرة : _bالجمعية الجغرافية المصرية ، _c1960 |
||
| 300 |
_a200 ص ؛ _c24 سم |
||
| 650 | 0 | 4 | _aالمحاضرات |
| 650 | 0 | 4 | _aالبحيرات - شمال الدلتا |
| 650 | 0 | 4 | _aالعصور الوسطى - جغرافيا |
| 650 | 0 | 4 | _aالعراق - التمر |
| 650 | 0 | 4 | _aشرق افريقيا - العلاقات الخارجية - الجزيرة العربية |
| 650 | 0 | 4 | _aافريقيا - جغرافيا |
| 942 |
_2ddc _cBK |
||
| 999 |
_c41368 _d41368 |
||